Annual review of plant physiology. V 08 (Record no. 44919)

MARC details
000 -LEADER
fixed length control field 00806nam a2200301Ia 4500
082 ## - DEWEY DECIMAL CLASSIFICATION NUMBER
Classification number 581.1
Item number ANN.08
245 #0 - TITLE STATEMENT
Title Annual review of plant physiology. V 08
260 ## - PUBLICATION, DISTRIBUTION, ETC. (IMPRINT)
Place of publication California
Name of publisher Annual Reviews Inc
Year of publication 1957
650 ## - SUBJECT ADDED ENTRY--TOPICAL TERM
Topical Term Algae culture
650 ## - SUBJECT ADDED ENTRY--TOPICAL TERM
Topical Term Antibiotics
650 ## - SUBJECT ADDED ENTRY--TOPICAL TERM
Topical Term Auxin
650 ## - SUBJECT ADDED ENTRY--TOPICAL TERM
Topical Term Chlorophyll
650 ## - SUBJECT ADDED ENTRY--TOPICAL TERM
Topical Term Chloroplast
650 ## - SUBJECT ADDED ENTRY--TOPICAL TERM
Topical Term Drought resistance
650 ## - SUBJECT ADDED ENTRY--TOPICAL TERM
Topical Term Gibberellin
650 ## - SUBJECT ADDED ENTRY--TOPICAL TERM
Topical Term Mineral nutrition
650 ## - SUBJECT ADDED ENTRY--TOPICAL TERM
Topical Term Nitrogen metabolism
650 ## - SUBJECT ADDED ENTRY--TOPICAL TERM
Topical Term Phloem physiology
650 ## - SUBJECT ADDED ENTRY--TOPICAL TERM
Topical Term Physiological ecology
650 ## - SUBJECT ADDED ENTRY--TOPICAL TERM
Topical Term Physiological genetics
650 ## - SUBJECT ADDED ENTRY--TOPICAL TERM
Topical Term Plant physiology
650 ## - SUBJECT ADDED ENTRY--TOPICAL TERM
Topical Term Soluble oxidase
650 ## - SUBJECT ADDED ENTRY--TOPICAL TERM
Topical Term Stock and scion relation
650 ## - SUBJECT ADDED ENTRY--TOPICAL TERM
Topical Term Sugarcane
700 ## - ADDED ENTRY--PERSONAL NAME
Personal name CRAFTS, A S
942 ## - ADDED ENTRY ELEMENTS (KOHA)
Koha item type Books
Holdings
Withdrawn status Lost status Damaged status Not for loan Collection code Home library Current library Date acquired Full call number Accession Number Koha item type
        Journal register RRII Library RRII Library 16/12/2021 581.1 ANN.08 J02546 Books